000 00597nam a22002052 4500
001 0000012748
005 20151217152113.0
008 090317s xx 000 0 eng d
020 _a0312537098 :
040 _aKABU
_cKABU
100 1 _aThomas, Garen.
_@0000169657
245 1 0 _aYes we can :
_ba biography of Barack Obama /
_cGaren Thomas.
250 _a1st ed.
260 _aNew York :
_bFeiwel and Friends,
_c2008.
300 _axi, 206 p.
600 1 0 _aObama, Barack.
_@0000160720
852 1 _9p945 KES
908 _a090317
950 _@1
999 _c8301
_d8301